000 00455nam a22001697a 4500
003 CEME
005 20210628203630.0
008 210317b xxu||||| |||| 00| 0 eng d
020 _a0-471-61633-8
040 _c.
082 _a620.281 SMI'P
100 _aCorripio, Armando B , Smith, Carlos A
_966638
245 _aPrinciples and practice of automatic process control
260 _aNEWYORK
_bJOHN WILEY
_c1985
300 _aXVI,614P
942 _cBK
_2ddc
999 _c574574
_d574574